Sports Quiz

Random Sports or Football Quiz

All-Time BCS Bowl Teams Quiz Stats

 Plays Quiz Updated Oct 13, 2016

Challenge
Share
Tweet
Embed
Score 0/51 Timer 05:00
2 Plays Today
% Correct
Ohio State
88.2%
Notre Dame
88%
Alabama
88%
LSU
87.8%
Florida
87.6%
USC
87.4%
Oklahoma
87.3%
Florida State
87.3%
Texas
87.1%
Michigan
87%
Oregon
86.9%
Auburn
86.3%
Georgia
85.8%
Wisconsin
85.5%
Stanford
84.9%
Penn State
84.4%
Nebraska
83.7%
Miami
83.7%
Boise State
83.1%
Virginia Tech
82.3%
TCU
81.1%
Tennessee
81%
Oklahoma State
81%
West Virginia
80.8%
Clemson
79.8%
Louisville
76.5%
% Correct
Kansas State
74.5%
Texas A&M
74.3%
Arkansas
73.6%
Georgia Tech
72.1%
UCLA
70.5%
Michigan State
70.3%
Utah
69.2%
Cincinnati
67.4%
Pittsburgh
66.5%
Washington
64.7%
Iowa
64.5%
Oregon State
58.9%
Northern Illinois
57.3%
Kansas
56.7%
Connecticut
54.8%
Illinois
53.2%
Baylor
52.7%
Hawaii
52.5%
Colorado
51.6%
Syracuse
46.4%
Maryland
46%
Washington State
43.8%
Purdue
41.8%
Wake Forest
39.8%
Central Florida
25.3%

You're not logged in!

Compare scores with friends on all Sporcle quizzes.
OR
Log In

You Might Also Like...

Show Comments

Extras

Top Quizzes Today


Score Distribution

Your Account Isn't Verified!

In order to create a playlist on Sporcle, you need to verify the email address you used during registration. Go to your Sporcle Settings to finish the process.

Report this User

Report this user for behavior that violates our Community Guidelines.

Details: